La folle de Chaillot (Record no. 110533)

MARC details
000 -LEADER
campo de control de longitud fija 00540nam a2200169 i 4500
001 - NÚMERO DE CONTROL
campo de control 110533
003 - IDENTIFICADOR DE NÚMERO DE CONTROL
campo de control ES-MaACL
005 - FECHA Y HORA DE LA ÚLTIMA TRANSACCIÓN
campo de control 20230906185057.0
007 - CAMPO FIJO DE DESCRIPCIÓN FÍSICA--INFORMACIÓN GENERAL
campo de control de longitud fija t|
008 - DATOS DE LONGITUD FIJA--INFORMACIÓN GENERAL
campo de control de longitud fija 070129s1946 fr ||||1| fre d
080 ## - NÚMERO DE LA CLASIFICACIÓN DECIMAL UNIVERSAL
Número de la Clasificación Decimal Universal 821.133.1-23"19"
100 1# - ENTRADA PRINCIPAL--NOMBRE DE PERSONA
Nombre de persona Giraudoux, Jean.
9 (RLIN) 57248
245 13 - MENCIÓN DEL TÍTULO
Título La folle de Chaillot
Resto del título : pièce en deux actes /
Mención de responsabilidad, etc. Jean Giraudoux.
260 ## - PUBLICACIÓN, DISTRIBUCIÓN, ETC.
Lugar de publicación, distribución, etc. Paris :
Nombre del editor, distribuidor, etc. Bernard Grasset,
Fecha de publicación, distribución, etc. [1946]
300 ## - DESCRIPCIÓN FÍSICA
Extensión 185 p., [2] h. de lám. ;
Dimensiones 19 cm.
852 4# - LOCALIZACIÓN
Ubicación ES-MaACL
Número de control de estantería E-11572
itemnumber R.139602
Nota libre . - Biblioteca Jacinto Martínez Lacalle
Holdings
Estatus retirado Estado de pérdida Estado de daño No para préstamo Biblioteca de origen Biblioteca actual Ubicación en estantería Fecha de adquisición Fuente de adquisición Total de préstamos Signatura topográfica completa Código de barras Visto por última vez Precio de reemplazo Tipo de ítem Koha
        Biblioteca del Ateneo de Madrid Biblioteca del Ateneo de Madrid Depósito 2 17/01/2008     E-11572 1115327 23/02/2023 23/02/2023 Libro impreso